Design of FET frequency multipliers and harmonic oscillators / (Record no. 175657)
[ view plain ]
| 000 -LEADER | |
|---|---|
| fixed length control field | 00989 a2200241 4500 |
| 003 - CONTROL NUMBER IDENTIFIER | |
| control field | Nust |
| 005 - DATE AND TIME OF LATEST TRANSACTION | |
| control field | 20220812110007.0 |
| 010 ## - LIBRARY OF CONGRESS CONTROL NUMBER | |
| LC control number | 98033848 |
| 020 ## - INTERNATIONAL STANDARD BOOK NUMBER | |
| International Standard Book Number | 0890064814 (alk. paper) |
| 040 ## - CATALOGING SOURCE | |
| Transcribing agency | Nust |
| 082 00 - DEWEY DECIMAL CLASSIFICATION NUMBER | |
| Classification number | 621.38132363,CAM |
| 100 1# - MAIN ENTRY--PERSONAL NAME | |
| Personal name | Camargo, Edmar. |
| 9 (RLIN) | 96954 |
| 245 10 - TITLE STATEMENT | |
| Title | Design of FET frequency multipliers and harmonic oscillators / |
| Statement of responsibility, etc. | Edmar Camargo. |
| 260 ## - PUBLICATION, DISTRIBUTION, ETC. | |
| Place of publication, distribution, etc. | Boston : |
| Name of publisher, distributor, etc. | Artech House, |
| Date of publication, distribution, etc. | c1998. |
| 300 ## - PHYSICAL DESCRIPTION | |
| Extent | xiii, 215 p. : |
| Other physical details | ill. ; |
| Dimensions | 24 cm. |
| 440 #0 - SERIES STATEMENT/ADDED ENTRY--TITLE | |
| Title | Artech House microwave library |
| 9 (RLIN) | 28737 |
| 505 ## - FORMATTED CONTENTS NOTE | |
| Formatted contents note | Introduction (Page-1), Nonlinear MESFET Models (Page-15), Low Frequency Multiplies (Page-45), High Frequency Multiplies (Page-73), Design Strategies of the Frequency (Page-95), FET Harmonic Oscillators (Page-127), Typical Frequency topologies (Page-145), |
| 650 #0 - SUBJECT ADDED ENTRY--TOPICAL TERM | |
| Topical term or geographic name entry element | Field-effect transistors. |
| 9 (RLIN) | 96955 |
| 650 #0 - SUBJECT ADDED ENTRY--TOPICAL TERM | |
| Topical term or geographic name entry element | Frequency multipliers. |
| 9 (RLIN) | 96956 |
| 650 #0 - SUBJECT ADDED ENTRY--TOPICAL TERM | |
| Topical term or geographic name entry element | Microwave devices. |
| 9 (RLIN) | 28228 |
| 650 #0 - SUBJECT ADDED ENTRY--TOPICAL TERM | |
| Topical term or geographic name entry element | Millimeter wave devices. |
| 9 (RLIN) | 28750 |
| 942 ## - ADDED ENTRY ELEMENTS (KOHA) | |
| Koha item type | Reference |
| Source of classification or shelving scheme | |
| Withdrawn status | Lost status | Source of classification or shelving scheme | Damaged status | Not for loan | Permanent Location | Current Location | Shelving location | Date acquired | Full call number | Barcode | Date last seen | Price effective from | Koha item type | Public note |
|---|---|---|---|---|---|---|---|---|---|---|---|---|---|---|
| Military College of Signals (MCS) | Military College of Signals (MCS) | Reference | 12/12/2016 | 621.38132363,CAM | MCS27894 | 12/08/2016 | 12/12/2016 | Reference | Almirah No.21, Shelf No.3 |
